000
00333nam a2200133Ia 4500
008
151021s9999 xx 000 0 und d
020
_a
51
050
_a
HF1118 .G62 2008
245
_a
_GMAT Premier Program Kaplan
260
_a
New York Kaplan 2008
300
_a
636p.
650
_a
_GMAT
980
_a
^d20130613 10:35:48^oanne
999
_c
14175
_d
14175